[Event "Woerishofen sen 2016"]
[Site "Bad Woerishofen"]
[Date "2016.02.29"]
[Round "4.34"]
[White "Weyand, Fernand"]
[Black "Winter, Bernd"]
[Result "1/2-1/2"]
[WhiteElo "1788"]
[BlackElo "1922"]
[PlyCount "50"]
[EventDate "2016.02.26"]
[EventType "swiss"]
[EventCountry "GER"]
[WhiteTeam "Saarbruecken SVG"]
[BlackTeam "Muenchen SK Siemens"]
[WhiteTeamCountry "GER"]
[BlackTeamCountry "GER"]

1. e4 c5 2. Nc3 e6 3. g3 g6 4. Bg2 Bg7 5. Nge2 Nc6 6. O-O Nge7 7. d3 O-O 8. Be3
d6 9. Qd2 Re8 10. d4 cxd4 11. Nxd4 Ne5 12. Qe2 a6 13. Rad1 Qc7 14. Nb1 Nc4 15.
Bc1 e5 16. Nf3 f5 17. b3 fxe4 18. Ng5 Nb6 19. c4 d5 20. cxd5 Nbxd5 21. Ba3 Nf6
22. Rc1 Nc6 23. Qc4+ Kh8 24. Nf7+ Kg8 25. Ng5+ Kh8 1/2-1/2

[Event "Woerishofen sen 2016"]
[Site "Bad Woerishofen"]
[Date "2016.02.29"]
[Round "4.35"]
[White "Bauder, Herbert"]
[Black "Auterhoff, Juergen"]
[Result "1/2-1/2"]
[WhiteElo "1897"]
[BlackElo "1763"]
[PlyCount "44"]
[EventDate "2016.02.26"]
[EventType "swiss"]
[EventCountry "GER"]
[WhiteTeam "Steglitz Wilmersdorf SG Lasker"]
[BlackTeam "Pasing SC"]
[WhiteTeamCountry "GER"]
[BlackTeamCountry "GER"]

1. d4 Nf6 2. Nf3 e6 3. c4 Bb4+ 4. Nbd2 b6 5. a3 Bxd2+ 6. Qxd2 Bb7 7. e3 O-O 8.
Bd3 Be4 9. Qc2 Bxd3 10. Qxd3 d5 11. O-O Nbd7 12. b4 c6 13. Bb2 Rc8 14. Rfc1 Qe7
15. h3 Ne4 16. Rc2 Nd6 17. Nd2 e5 18. dxe5 Nxe5 19. Qd4 f6 20. cxd5 Nb5 21. Qe4
Nd6 22. Qd4 Nb5 1/2-1/2

[Event "Woerishofen sen 2016"]
[Site "Bad Woerishofen"]
[Date "2016.02.29"]
[Round "4.36"]
[White "Schnell, Franz"]
[Black "Fuchs, Joachim"]
[Result "1-0"]
[WhiteElo "1762"]
[BlackElo "1884"]
[PlyCount "71"]
[EventDate "2016.02.26"]
[EventType "swiss"]
[EventCountry "GER"]
[WhiteTeam "Trossingen SV"]
[BlackTeam "Starnberg SC"]
[WhiteTeamCountry "GER"]
[BlackTeamCountry "GER"]

1. d4 d5 2. Bf4 Nf6 3. e3 c6 4. Nd2 g6 5. Be2 Bg7 6. h3 Qa5 7. c3 Qb6 8. Qb3
Be6 9. Ngf3 Nbd7 10. Ng5 Bf5 11. g4 Be6 12. Nxe6 fxe6 13. Nf3 h6 14. Ne5 Nxe5
15. Bxe5 Rg8 16. Qc2 Ne4 17. Bh2 Bf6 18. Bd3 Ng5 19. Bxg6+ Kd7 20. O-O-O a5 21.
Bd3 a4 22. a3 Ra5 23. Be5 Rga8 24. f4 Nf7 25. e4 Bxe5 26. dxe5 Rc5 27. exd5
cxd5 28. Bg6 Nh8 29. f5 Nxg6 30. fxg6 Rc4 31. Rd3 Qc6 32. Rhd1 Re4 33. Rd4 Rxe5
34. h4 Qa6 35. R4d2 Re4 36. Qxe4 1-0

[Event "Woerishofen sen 2016"]
[Site "Bad Woerishofen"]
[Date "2016.02.29"]
[Round "4.37"]
[White "Wagner, Gerhard"]
[Black "Neumann, Erwin"]
[Result "1/2-1/2"]
[WhiteElo "1760"]
[BlackElo "1870"]
[PlyCount "67"]
[EventDate "2016.02.26"]
[EventType "swiss"]
[EventCountry "GER"]
[WhiteTeam "Windach SF"]
[BlackTeam "Schwaebisch Hall SK"]
[WhiteTeamCountry "GER"]
[BlackTeamCountry "GER"]

1. e4 e5 2. Nf3 Nf6 3. Nxe5 d6 4. Nf3 Nxe4 5. Qe2 Qe7 6. d3 Nf6 7. Bg5 Nbd7 8.
Nc3 h6 9. Bh4 g5 10. Bg3 Qxe2+ 11. Bxe2 Bg7 12. Nb5 Kd8 13. O-O-O Re8 14. Rde1
Nd5 15. Bd1 a6 16. Nbd4 Ne5 17. Nb3 f5 18. Nxe5 dxe5 19. f3 a5 20. a3 a4 21. c4
Nf4 22. Bxf4 gxf4 23. Nc5 b6 24. Nxa4 Bd7 25. Nc3 c6 26. Nb1 Kc7 27. Re2 Re7
28. Rhe1 Rae8 29. Nd2 Bf6 30. Bc2 Bh4 31. Rg1 c5 32. Nb1 Bc6 33. Nc3 Rg7 34.
Ba4 1/2-1/2

[Event "Woerishofen sen 2016"]
[Site "Bad Woerishofen"]
[Date "2016.02.29"]
[Round "4.38"]
[White "Boldt, Heinrich"]
[Black "Collins, Alan"]
[Result "1/2-1/2"]
[WhiteElo "1862"]
[BlackElo "1753"]
[PlyCount "30"]
[EventDate "2016.02.26"]
[EventType "swiss"]
[EventCountry "GER"]
[WhiteTeam "Kareth Lappersdorf TSV"]
[BlackTeam "ENG"]
[WhiteTeamCountry "GER"]
[BlackTeamCountry "ENG"]

1. d4 d6 2. g3 e5 3. c3 c6 4. Bg2 Be7 5. e4 Nd7 6. Ne2 Ngf6 7. O-O O-O 8. f4
Qb6 9. Kh1 Re8 10. Nd2 Qc7 11. Nc4 b5 12. Ne3 Bb7 13. Qb3 c5 14. d5 a6 15. c4
b4 1/2-1/2

[Event "Woerishofen sen 2016"]
[Site "Bad Woerishofen"]
[Date "2016.02.29"]
[Round "4.39"]
[White "Floeren, Ernst"]
[Black "Dietl, Robert"]
[Result "1/2-1/2"]
[WhiteElo "1737"]
[BlackElo "1855"]
[PlyCount "55"]
[EventDate "2016.02.26"]
[EventType "swiss"]
[EventCountry "GER"]
[WhiteTeam "-"]
[BlackTeam "Koenigsbrunn SK"]
[BlackTeamCountry "GER"]

1. e4 Nf6 2. Nc3 d5 3. e5 Nfd7 4. d4 e6 5. Nf3 c5 6. Be3 Nc6 7. Bb5 cxd4 8.
Bxd4 Nxd4 9. Qxd4 Be7 10. O-O O-O 11. Bd3 Nc5 12. Be2 b6 13. b4 Na6 14. a3 Nc7
15. Bd3 Ba6 16. b5 Bb7 17. Ne2 f6 18. Qh4 f5 19. Qf4 g5 20. Qg3 Kh8 21. Nfd4
Bc5 22. a4 Qe7 23. f4 g4 24. Kh1 a6 25. Nb3 axb5 26. axb5 Rxa1 27. Rxa1 Ra8 28.
Qe1 1/2-1/2

[Event "Woerishofen sen 2016"]
[Site "Bad Woerishofen"]
[Date "2016.02.29"]
[Round "4.40"]
[White "Hager, Eberhard"]
[Black "Klimpel, Siegfried"]
[Result "1/2-1/2"]
[WhiteElo "1745"]
[BlackElo "1855"]
[PlyCount "125"]
[EventDate "2016.02.26"]
[EventType "swiss"]
[EventCountry "GER"]
[WhiteTeam "Friedberg SC"]
[BlackTeam "Kareth Lappersdorf TSV"]
[WhiteTeamCountry "GER"]
[BlackTeamCountry "GER"]

1. e4 e5 2. Nf3 Nf6 3. Nxe5 d6 4. Nf3 Nxe4 5. Nc3 Nf6 6. d3 Be7 7. Be2 O-O 8.
O-O Nc6 9. Bd2 d5 10. Re1 Bg4 11. h3 Bh5 12. Nh2 Bxe2 13. Nxe2 Qd7 14. Nf3 Ne8
15. c3 Nd6 16. b4 a5 17. a3 Bf6 18. Qc2 axb4 19. a4 Qf5 20. Ned4 Nxd4 21. Nxd4
Qd7 22. Nb3 bxc3 23. Bxc3 Qc6 24. Rec1 Bg5 25. Re1 Rfe8 26. Rxe8+ Rxe8 27. Qb2
Nf5 28. Na5 Qg6 29. Qxb7 Nh4 30. Qxd5 Rd8 31. Qe4 f5 32. Qc6 Qxc6 33. Nxc6 Rxd3
34. Be1 Rd6 35. Na5 f4 36. Rb1 f3 37. g3 Nf5 38. Nc4 Rd3 39. Ne5 Rd8 40. Nxf3
Bf6 41. Kg2 c5 42. Nd2 Ra8 43. Ne4 Bd4 44. a5 Ne7 45. Rc1 Nc6 46. Nxc5 Nxa5 47.
Ne6 Bf6 48. Nf4 Nb3 49. Rc4 Ra2 50. Bb4 h6 51. Bc3 Bxc3 52. Rxc3 Nd2 53. Rc8+
Kf7 54. Rc7+ Kf6 55. g4 Ne4 56. Nh5+ Ke6 57. Nxg7+ Kf6 58. Nh5+ Ke6 59. Rc6+
Ke5 60. Rc1 Rxf2+ 61. Kg1 Rf3 62. Re1 Kd4 63. Rf1 1/2-1/2

[Event "Woerishofen sen 2016"]
[Site "Bad Woerishofen"]
[Date "2016.02.29"]
[Round "4.41"]
[White "Blutharsch, Walter"]
[Black "Mircoli, Filippo"]
[Result "0-1"]
[WhiteElo "1854"]
[BlackElo "1611"]
[PlyCount "72"]
[EventDate "2016.02.26"]
[EventType "swiss"]
[EventCountry "GER"]
[WhiteTeam "Sindelfingen VfL"]
[BlackTeam "ITA"]
[WhiteTeamCountry "GER"]
[BlackTeamCountry "ITA"]

1. d4 Nf6 2. c4 g6 3. Nc3 d5 4. Nf3 Bg7 5. e3 O-O 6. Bd3 c5 7. cxd5 cxd4 8.
exd4 Nxd5 9. O-O Nc6 10. Be2 e6 11. a3 a6 12. Re1 b5 13. Ne4 Qb6 14. a4 b4 15.
Nd6 Nxd4 16. Nxc8 Nxe2+ 17. Qxe2 Raxc8 18. Ne5 Qc7 19. Ng4 Qc4 20. Qf3 Qc7 21.
Rb1 h5 22. Ne3 Rfd8 23. g3 Qc6 24. Nxd5 Rxd5 25. Bf4 Qxa4 26. h4 Qd7 27. g4
hxg4 28. Qxg4 Rc4 29. Qg3 Rd3 30. Qh2 Rc5 31. Qg2 a5 32. Be3 Rh5 33. Qe4 Rf5
34. Bg5 Rdd5 35. Bf4 Kh7 36. Rbc1 Rd4 0-1

[Event "Woerishofen sen 2016"]
[Site "Bad Woerishofen"]
[Date "2016.02.29"]
[Round "4.42"]
[White "Krotofil, Kurt"]
[Black "Erdmann, Wolfgang"]
[Result "1-0"]
[WhiteElo "1987"]
[BlackElo "1729"]
[PlyCount "65"]
[EventDate "2016.02.26"]
[EventType "swiss"]
[EventCountry "GER"]
[WhiteTeam "Niendorfer TSV"]
[BlackTeam "Altstadt SC Roter Turm"]
[WhiteTeamCountry "GER"]
[BlackTeamCountry "GER"]

1. d4 d5 2. c4 c6 3. Nf3 Nf6 4. Nc3 e6 5. e3 Nbd7 6. Bd3 Bd6 7. e4 dxe4 8. Nxe4
Nxe4 9. Bxe4 Nf6 10. Bc2 O-O 11. O-O b6 12. Qd3 g6 13. b3 Re8 14. Bb2 Bf8 15.
Ne5 Bb7 16. Qf3 Rc8 17. Be4 Bg7 18. Bxc6 Bxc6 19. Nxc6 Qc7 20. Ne5 Qd6 21. Rfd1
Rc7 22. a4 Qd8 23. a5 Qa8 24. Qxa8 Rxa8 25. axb6 Rb7 26. c5 a6 27. Nc4 Nd5 28.
Ra4 Bf8 29. Rda1 Ne7 30. Rxa6 Rxa6 31. Rxa6 Nc6 32. Ra8 Nb8 33. Na5 1-0

[Event "Woerishofen sen 2016"]
[Site "Bad Woerishofen"]
[Date "2016.02.29"]
[Round "4.43"]
[White "Huhn, Ulrich"]
[Black "Titz, Waldemar"]
[Result "1/2-1/2"]
[WhiteElo "1873"]
[BlackElo "1725"]
[PlyCount "47"]
[EventDate "2016.02.26"]
[EventType "swiss"]
[EventCountry "GER"]
[WhiteTeam "Siemensstadt SF"]
[BlackTeam "Rottweil SV"]
[WhiteTeamCountry "GER"]
[BlackTeamCountry "GER"]

1. d4 Nf6 2. Nc3 d6 3. Bg5 Nbd7 4. e4 c6 5. f4 Qa5 6. Qd2 g6 7. Nf3 Bg7 8. e5
dxe5 9. fxe5 Nd5 10. Nxd5 Qxd2+ 11. Kxd2 cxd5 12. Re1 e6 13. h4 h6 14. Bf4 Nb6
15. b3 Bd7 16. c4 dxc4 17. bxc4 Bc6 18. Bd3 O-O-O 19. Be3 Bf8 20. c5 Nd5 21.
Bc4 Nxe3 22. Kxe3 Be7 23. Rd1 Rd7 24. Rd3 1/2-1/2

[Event "Woerishofen sen 2016"]
[Site "Bad Woerishofen"]
[Date "2016.02.29"]
[Round "4.44"]
[White "Koch, Dieter"]
[Black "Haakert, Karl"]
[Result "1/2-1/2"]
[WhiteElo "1747"]
[BlackElo "1855"]
[PlyCount "57"]
[EventDate "2016.02.26"]
[EventType "swiss"]
[EventCountry "GER"]
[WhiteTeam "-"]
[BlackTeam "Muelheim SV Turm"]
[BlackTeamCountry "GER"]

1. d4 Nf6 2. e3 d5 3. Bd3 e6 4. Nd2 c5 5. c3 Nc6 6. f4 Bd6 7. Qf3 b6 8. Nh3 Bb7
9. a4 Qc7 10. O-O Ne7 11. Bb5+ Bc6 12. Qe2 cxd4 13. exd4 O-O 14. Nf3 Qb7 15.
Bd3 Ne4 16. Nfg5 g6 17. Qg4 h5 18. Qe2 Nf5 19. g4 hxg4 20. Qxg4 Ng7 21. Nf2
Rfe8 22. Qh4 Nh5 23. Ng4 Be7 24. Be3 Kg7 25. Ne5 Rf8 26. Bxe4 dxe4 27. Qg4 Bd7
28. Nxd7 Qxd7 29. a5 1/2-1/2

[Event "Woerishofen sen 2016"]
[Site "Bad Woerishofen"]
[Date "2016.02.29"]
[Round "4.45"]
[White "Birkestrand, Odd"]
[Black "Hansch, Klaus Michael"]
[Result "0-1"]
[WhiteElo "1746"]
[BlackElo "1850"]
[PlyCount "68"]
[EventDate "2016.02.26"]
[EventType "swiss"]
[EventCountry "GER"]
[WhiteTeam "NOR"]
[BlackTeam "Berlin SC WD"]
[WhiteTeamCountry "NOR"]
[BlackTeamCountry "GER"]

1. e4 d5 2. exd5 Nf6 3. Nc3 Nxd5 4. Bc4 Nb6 5. Bb3 Nc6 6. Nge2 Bg4 7. f3 Bh5 8.
O-O e6 9. Kh1 Be7 10. d4 Na5 11. Nf4 Nxb3 12. axb3 Bg6 13. Be3 c6 14. Qe2 O-O
15. Rad1 Nd5 16. Ncxd5 cxd5 17. Nxg6 hxg6 18. Rc1 Qb6 19. Qd3 Qd6 20. c4 dxc4
21. bxc4 b6 22. Qd2 Rfd8 23. Rfd1 Bf6 24. b4 a5 25. b5 a4 26. Ra1 a3 27. Ra2
Ra4 28. c5 bxc5 29. dxc5 Qe5 30. Qc2 Rxd1+ 31. Qxd1 Qxe3 32. h3 Rc4 33. Re2
Qxc5 34. Qd8+ Bxd8 0-1

[Event "Woerishofen sen 2016"]
[Site "Bad Woerishofen"]
[Date "2016.02.29"]
[Round "4.46"]
[White "Lubberich, Alfred"]
[Black "Sand, Rosemarie"]
[Result "1/2-1/2"]
[WhiteElo "1848"]
[BlackElo "1723"]
[PlyCount "102"]
[EventDate "2016.02.26"]
[EventType "swiss"]
[EventCountry "GER"]
[WhiteTeam "Nettetal SG"]
[BlackTeam "Tuebingen SV"]
[WhiteTeamCountry "GER"]
[BlackTeamCountry "GER"]

1. Nf3 Nf6 2. b3 d5 3. e3 e6 4. Bb2 Be7 5. c4 O-O 6. d4 c5 7. cxd5 exd5 8. Be2
Nc6 9. O-O h6 10. Nbd2 Be6 11. a3 Rc8 12. Rc1 cxd4 13. exd4 a6 14. b4 b5 15.
Nb3 Nd7 16. Nc5 Nxc5 17. dxc5 Bf6 18. Nd4 Nxd4 19. Bxd4 Bxd4 20. Qxd4 Qd7 21.
Rfd1 Rfd8 22. Bf3 Qc6 23. Rd2 Rd7 24. g3 f6 25. Re1 Rcd8 26. Rde2 Bf7 27. Bg4
Rc7 28. Be6 Kf8 29. f4 Qa8 30. f5 a5 31. g4 axb4 32. axb4 Ra7 33. Bxf7 Kxf7 34.
Re6 Qb8 35. R1e2 Qa8 36. Kg2 Ra2 37. h4 Rxe2+ 38. Rxe2 Re8 39. Rxe8 Kxe8 40.
Kf3 Qc6 41. Ke3 Qd7 42. Qf4 Qa7 43. Kd4 Qa2 44. Qb8+ Ke7 45. Qd6+ Ke8 46. Qe6+
Kf8 47. c6 Qc4+ 48. Ke3 Qc3+ 49. Ke2 Qc2+ 50. Kf1 Qc1+ 51. Kf2 Qc2+ 1/2-1/2

[Event "Woerishofen sen 2016"]
[Site "Bad Woerishofen"]
[Date "2016.02.29"]
[Round "4.47"]
[White "Dallmeier, Gerhard"]
[Black "Kurpiela, Franz"]
[Result "0-1"]
[WhiteElo "1841"]
[BlackElo "1722"]
[PlyCount "80"]
[EventDate "2016.02.26"]
[EventType "swiss"]
[EventCountry "GER"]
[WhiteTeam "Weissenfels Roland"]
[BlackTeam "Oehringen TSG"]
[WhiteTeamCountry "GER"]
[BlackTeamCountry "GER"]

1. e4 e5 2. Nf3 Nf6 3. Nxe5 d6 4. Nf3 Nxe4 5. Nc3 Nf6 6. Be2 d5 7. d4 Bb4 8.
Bd2 O-O 9. O-O Re8 10. a3 Ba5 11. Ne5 c5 12. Nf3 c4 13. Ne5 Qb6 14. Bc1 Bxc3
15. bxc3 Nc6 16. Nxc6 Qxc6 17. f3 Bf5 18. Bg5 Nd7 19. Qd2 Qg6 20. Ra2 b5 21.
Bf4 Rac8 22. Rb1 a6 23. a4 bxa4 24. Rb7 Rc6 25. Rxa4 Bxc2 26. Ra2 Bf5 27. Ra1
h5 28. Bd1 Rb6 29. Rb1 Bxb1 30. Rxd7 Qc6 31. Rd6 Qb7 32. Kf2 Bd3 33. Rxb6 Qxb6
34. Be3 Qd6 35. Kg1 Qe6 36. Kf2 Rb8 37. Be2 Bxe2 38. Qxe2 Rb3 39. Qc2 h4 40.
Bf4 Qb6 0-1

[Event "Woerishofen sen 2016"]
[Site "Bad Woerishofen"]
[Date "2016.02.29"]
[Round "4.48"]
[White "Oser, Thor"]
[Black "Alefs, Heinz"]
[Result "1/2-1/2"]
[WhiteElo "1838"]
[BlackElo "2016"]
[PlyCount "58"]
[EventDate "2016.02.26"]
[EventType "swiss"]
[EventCountry "GER"]
[WhiteTeam "Joehlingen SK"]
[BlackTeam "Eichenau SC"]
[WhiteTeamCountry "GER"]
[BlackTeamCountry "GER"]

1. d4 f5 2. f4 Nf6 3. Nf3 b6 4. g3 Bb7 5. Bg2 d6 6. O-O h6 7. e3 Nbd7 8. Qe2 e6
9. Nh4 Bxg2 10. Qxg2 Ne4 11. Ng6 Rg8 12. Nd2 Ndf6 13. Nxe4 Nxe4 14. Rd1 Qf6 15.
Nxf8 Rxf8 16. Bd2 O-O-O 17. Rf1 g5 18. c3 Kb8 19. Be1 Rg8 20. Rc1 Rd7 21. Rc2
Rdg7 22. Qf3 g4 23. Qe2 h5 24. a4 h4 25. Kg2 hxg3 26. hxg3 Rh8 27. Rg1 Rgh7 28.
Kf1 Qh6 29. Qb5 Qf8 1/2-1/2

[Event "Woerishofen sen 2016"]
[Site "Bad Woerishofen"]
[Date "2016.02.29"]
[Round "4.49"]
[White "Aufmwasser, Guenter"]
[Black "Kumeth, Hartmut"]
[Result "1/2-1/2"]
[WhiteElo "1701"]
[BlackElo "1833"]
[PlyCount "25"]
[EventDate "2016.02.26"]
[EventType "swiss"]
[EventCountry "GER"]
[WhiteTeam "Hilden SV"]
[BlackTeam "Oldenburg SK"]
[WhiteTeamCountry "GER"]
[BlackTeamCountry "GER"]

1. f4 Nf6 2. Nf3 d6 3. e3 Nbd7 4. b3 e5 5. fxe5 Nxe5 6. Nxe5 dxe5 7. Be2 Bd6 8.
O-O Be6 9. Bb2 Qd7 10. Nc3 c6 11. d3 h5 12. a4 Bg4 13. Ba3 1/2-1/2

[Event "Woerishofen sen 2016"]
[Site "Bad Woerishofen"]
[Date "2016.02.29"]
[Round "4.50"]
[White "Mueller, Dieter"]
[Black "Roth, Heinz Georg"]
[Result "0-1"]
[WhiteElo "1701"]
[BlackElo "1823"]
[PlyCount "96"]
[EventDate "2016.02.26"]
[EventType "swiss"]
[EventCountry "GER"]
[WhiteTeam "-"]
[BlackTeam "Lindau SC"]
[BlackTeamCountry "GER"]

1. Nf3 Nf6 2. c4 d6 3. g3 e5 4. d3 Be7 5. Bg2 O-O 6. O-O c6 7. Nc3 Qc7 8. Bg5
Nbd7 9. b4 h6 10. Bd2 Nh7 11. a4 Ndf6 12. b5 Bd7 13. Na2 a6 14. Nc3 Rfe8 15.
Qb3 Be6 16. Qb2 Rab8 17. Rfb1 Nh5 18. Qc1 N7f6 19. Ne1 d5 20. cxd5 cxd5 21. e4
d4 22. Nd5 Nxd5 23. exd5 Qxc1 24. Rxc1 Bf5 25. h3 Nf6 26. g4 Bd7 27. Be4 Rec8
28. Rxc8+ Rxc8 29. d6 Nxe4 30. dxe4 Bxd6 31. bxa6 bxa6 32. a5 Kf8 33. Rb1 Bb5
34. Kg2 Ke7 35. Bb4 Rc4 36. Nd3 f6 37. Bxd6+ Kxd6 38. Nb4 d3 39. Nxd3 Rxe4 40.
Nb4 Kc5 41. Nxa6+ Bxa6 42. Rb6 Bd3 43. Rb3 Bc4 44. Rb7 Rxg4+ 45. hxg4 Bd5+ 46.
Kg3 Bxb7 47. f4 exf4+ 48. Kxf4 g6 0-1

[Event "Woerishofen sen 2016"]
[Site "Bad Woerishofen"]
[Date "2016.02.29"]
[Round "4.51"]
[White "Straesser, Gerda"]
[Black "Felger, Karl"]
[Result "1-0"]
[WhiteElo "1696"]
[BlackElo "1813"]
[PlyCount "105"]
[EventDate "2016.02.26"]
[EventType "swiss"]
[EventCountry "GER"]
[WhiteTeam "Rottweil SV"]
[BlackTeam "Schorndorf Schachmatt"]
[WhiteTeamCountry "GER"]
[BlackTeamCountry "GER"]

1. e4 d6 2. d4 f5 3. Bd3 fxe4 4. Bxe4 Nf6 5. Bd3 e6 6. Bg5 Nbd7 7. Nf3 Be7 8.
O-O O-O 9. Re1 Ng4 10. Bxe7 Qxe7 11. Qe2 Nb6 12. Bxh7+ Kh8 13. Bd3 Nd5 14. Qe4
Ndf6 15. Qg6 Qf7 16. Qxf7 Rxf7 17. h3 Nh6 18. Ng5 Rf8 19. Nd2 Re8 20. Bg6 Re7
21. Re2 Bd7 22. Rae1 Be8 23. Bxe8 Raxe8 24. Rxe6 Rxe6 25. Rxe6 Kg8 26. Rxe8+
Nxe8 27. g4 Kf8 28. d5 b5 29. f4 Ke7 30. Ne6 Ng8 31. Nd4 Ngf6 32. Nf5+ Kd7 33.
Ne3 g6 34. Kf2 a5 35. Kf3 Ng7 36. Ne4 Nfe8 37. f5 gxf5 38. Nxf5 c6 39. Nxg7
Nxg7 40. Nf6+ Kc7 41. Ke4 c5 42. h4 Kd8 43. Kf4 Ke7 44. Kg5 Kf7 45. h5 Ne8 46.
Nxe8 Kxe8 47. Kf6 Kf8 48. g5 a4 49. Ke6 b4 50. Kxd6 c4 51. Kc5 b3 52. cxb3 a3
53. bxc4 1-0

[Event "Woerishofen sen 2016"]
[Site "Bad Woerishofen"]
[Date "2016.02.29"]
[Round "4.52"]
[White "Wraga, Teresa"]
[Black "Juenger, Leonhard"]
[Result "1/2-1/2"]
[WhiteElo "1687"]
[BlackElo "1807"]
[PlyCount "69"]
[EventDate "2016.02.26"]
[EventType "swiss"]
[EventCountry "GER"]
[WhiteTeam "Osnabrueck SG"]
[BlackTeam "Aachener SV"]
[WhiteTeamCountry "GER"]
[BlackTeamCountry "GER"]

1. e4 e5 2. Nc3 Nf6 3. g3 Bc5 4. Bg2 O-O 5. Nge2 a5 6. O-O d6 7. h3 Nbd7 8. d3
c6 9. Kh2 a4 10. f4 a3 11. b3 h6 12. f5 b5 13. g4 Nh7 14. Rb1 Qa5 15. Bd2 Bb4
16. Rf3 Bb7 17. d4 exd4 18. Nxd4 Ne5 19. Rg3 Rfe8 20. Qf1 Rad8 21. Rd1 Qc7 22.
Nd5 cxd5 23. Bxb4 dxe4 24. Bxa3 Ng5 25. Nxb5 Qxc2 26. Rc3 Ngf3+ 27. Kg3 Qxa2
28. Qf2 Qxf2+ 29. Kxf2 d5 30. Rc7 Rd7 31. Rxd7 Nxd7 32. Nd6 Ra8 33. Nxb7 Rxa3
34. Bxf3 exf3 35. Rxd5 1/2-1/2

[Event "Woerishofen sen 2016"]
[Site "Bad Woerishofen"]
[Date "2016.02.29"]
[Round "4.53"]
[White "Koppenhoefer, Heinz"]
[Black "Michalowski, Richard"]
[Result "0-1"]
[WhiteElo "1672"]
[BlackElo "1803"]
[PlyCount "96"]
[EventDate "2016.02.26"]
[EventType "swiss"]
[EventCountry "GER"]
[WhiteTeam "Solln STSV"]
[BlackTeam "Konz Karthaus SF"]
[WhiteTeamCountry "GER"]
[BlackTeamCountry "GER"]

1. e4 d5 2. exd5 Qxd5 3. Nf3 Bg4 4. Be2 Nf6 5. Nc3 Qa5 6. d3 c6 7. Bd2 Qc7 8.
h3 Bh5 9. g4 Bg6 10. Qc1 e6 11. Bf4 Bd6 12. Bxd6 Qxd6 13. Qe3 Nbd7 14. Nd2 Nb6
15. Nb3 O-O 16. O-O-O Nfd5 17. Nxd5 Nxd5 18. Qc5 Qxc5 19. Nxc5 b6 20. Nb3 Rfd8
21. Bf3 Rac8 22. h4 h6 23. h5 Bh7 24. Rdg1 Nb4 25. Kb1 f6 26. Re1 e5 27. Re3
Nd5 28. Bxd5+ cxd5 29. f3 Rc7 30. Rh2 Kf7 31. Rf2 a5 32. a3 a4 33. Nc1 e4 34.
fxe4 dxe4 35. Rd2 Rcd7 36. Ka2 Rd5 37. Rg2 exd3 38. cxd3 Bxd3 39. Nxd3 Rxd3 40.
Re4 b5 41. Rc2 R3d4 42. Rc7+ Kf8 43. Ree7 Rxg4 44. Rf7+ Kg8 45. Rb7 Rg5 46.
Rfc7 Rg1 47. Rxb5 Rdd1 48. b3 Rg2+ 0-1

[Event "Woerishofen sen 2016"]
[Site "Bad Woerishofen"]
[Date "2016.02.29"]
[Round "4.54"]
[White "Schweitzer, Paul"]
[Black "Skibbe, Hannes"]
[Result "1/2-1/2"]
[WhiteElo "1652"]
[BlackElo "1766"]
[PlyCount "108"]
[EventDate "2016.02.26"]
[EventType "swiss"]
[EventCountry "GER"]
[WhiteTeam "Zehlendorf SK"]
[BlackTeam "Hessenstein TSV"]
[WhiteTeamCountry "GER"]
[BlackTeamCountry "GER"]

1. b4 a5 2. b5 b6 3. c4 Bb7 4. Nf3 e6 5. a3 Nf6 6. e3 Be7 7. Bb2 O-O 8. d4 d5
9. Qc2 h6 10. Nbd2 Nbd7 11. Ne5 Nxe5 12. dxe5 Nd7 13. f4 Bh4+ 14. g3 dxc4 15.
Rg1 Be7 16. Bxc4 Bc5 17. Bd4 Qe7 18. Qc3 Rad8 19. Rf1 Bxd4 20. exd4 c5 21. bxc6
Bxc6 22. O-O-O Rc8 23. Kb2 b5 24. Bb3 Bg2 25. Qxa5 Bxf1 26. Rxf1 Ra8 27. Qb4
Qxb4 28. axb4 Nb6 29. f5 exf5 30. Rxf5 Na4+ 31. Kb1 Nc3+ 32. Kb2 Ne2 33. Nf3 g6
34. Rf6 Kg7 35. Bd1 Nxd4 36. Nxd4 Rfd8 37. Rd6 Re8 38. e6 Kf6 39. exf7+ Kxf7
40. Bb3+ Ke7 41. Rxg6 Rf8 42. Rxh6 Rf2+ 43. Bc2 Rc8 44. Rc6 Rxc6 45. Nxc6+ Kd6
46. Nd4 Rxh2 47. g4 Rg2 48. Nf5+ Ke5 49. Ne3 Rg3 50. Nd1 Rxg4 51. Ka3 Kd4 52.
Bb3 Rg3 53. Kb2 Rg2+ 54. Ka3 Rg3 1/2-1/2

[Event "Woerishofen sen 2016"]
[Site "Bad Woerishofen"]
[Date "2016.02.29"]
[Round "4.55"]
[White "Eigenmann, Christina"]
[Black "Westermayer, Johann"]
[Result "1/2-1/2"]
[WhiteElo "1759"]
[BlackElo "1599"]
[PlyCount "54"]
[EventDate "2016.02.26"]
[EventType "swiss"]
[EventCountry "GER"]
[WhiteTeam "SUI"]
[BlackTeam "AUT"]
[WhiteTeamCountry "SUI"]
[BlackTeamCountry "AUT"]

1. d4 Nf6 2. Nf3 g6 3. c4 Bg7 4. Nc3 O-O 5. e4 d6 6. h3 c5 7. d5 e6 8. Qc2 Re8
9. Be3 exd5 10. exd5 Bf5 11. Bd3 Bxd3 12. Qxd3 Nbd7 13. O-O Ne5 14. Nxe5 Rxe5
15. Bf4 Re7 16. Rae1 Rxe1 17. Rxe1 a6 18. b3 Nh5 19. Bh2 Nf6 20. g4 Ne8 21. Ne4
Bf8 22. Qf3 b5 23. Nd2 Qa5 24. Re2 Qxa2 25. Rxe8 Rxe8 26. Ne4 Rxe4 27. Qxe4
Qxb3 1/2-1/2

[Event "Woerishofen sen 2016"]
[Site "Bad Woerishofen"]
[Date "2016.02.29"]
[Round "4.56"]
[White "Albrecht, Franz"]
[Black "Gailis, Gunnar"]
[Result "0-1"]
[WhiteElo "1600"]
[BlackElo "1753"]
[PlyCount "92"]
[EventDate "2016.02.26"]
[EventType "swiss"]
[EventCountry "GER"]
[WhiteTeam "Starnberg SC"]
[BlackTeam "Hilden SV"]
[WhiteTeamCountry "GER"]
[BlackTeamCountry "GER"]

1. d4 Nf6 2. c4 g6 3. Nc3 Bg7 4. Nf3 O-O 5. Bg5 h6 6. Bh4 d6 7. h3 g5 8. Bg3 c6
9. e3 Bf5 10. Bd3 Bxd3 11. Qxd3 Nbd7 12. O-O Re8 13. Rad1 Nh7 14. Rfe1 a6 15.
b3 b5 16. b4 Qc8 17. Rc1 Qb7 18. c5 d5 19. e4 dxe4 20. Rxe4 Ndf6 21. Re2 e6 22.
Rce1 a5 23. a3 axb4 24. axb4 Ra3 25. Ra2 Rea8 26. Rxa3 Rxa3 27. Qc2 Qa8 28. Ne5
Ra1 29. Rxa1 Qxa1+ 30. Kh2 Qa8 31. Ne4 Nd5 32. Qb2 Bxe5 33. Bxe5 f6 34. Bd6 f5
35. Nc3 Nhf6 36. Nxd5 exd5 37. Qc2 Qc8 38. Qe2 Qe8 39. Qf3 Qe4 40. Qd1 Kf7 41.
Be5 g4 42. Bxf6 Kxf6 43. hxg4 Qf4+ 44. Kg1 Qxg4 45. f3 Qf4 46. g3 Qxg3+ 0-1